| 000 | 00630nam a22001577a 4500 | ||
|---|---|---|---|
| 008 | 170309b xxu||||| |||| 00| 0 eng d | ||
| 082 |
_22016 _aUT 0692 _bD15 |
||
| 100 |
_919240 _aDala, Jiralde C. |
||
| 245 |
_aDistractor Analysis of Teacher-made Multiple-choice Test in Math 1B and Math 2B in University of Mindanao Digos College. _cJiralde C. dala, Adelaida G. Felix and Danesa J. Malanji. |
||
| 300 |
_a76 pages; _b29 cm. |
||
| 650 | 0 |
_919241 _aEducation _vMathematics _xUndergraduate Thesis. |
|
| 700 |
_919242 _aDala, Jiralde C. |
||
| 700 |
_919243 _aFelix, Adelaida G. |
||
| 700 |
_919244 _aMalanji, Danesa J. |
||
| 942 |
_2ddc _cUT |
||
| 999 |
_c6384 _d6384 |
||